[Event "Bayern-chI Bank Hofmann 6th"]
[Site "Bad Wiessee"]
[Date "2002.10.31"]
[Round "6"]
[White "Schmaltz, Roland"]
[Black "Aronian, Levon"]
[Result "0-1"]
[WhiteElo "2529"]
[BlackElo "2581"]
[Annotator "Teske,H"]
[PlyCount "112"]
[EventDate "2002.10.26"]
[EventType "swiss"]
[EventRounds "9"]
[EventCountry "GER"]
[SourceTitle "EXT 2003"]
[Source "ChessBase"]
[SourceDate "2002.11.25"]
[SourceVersion "1"]
[SourceVersionDate "2002.11.25"]
[SourceQuality "1"]

1. e4 c5 2. Nf3 d6 3. d4 cxd4 4. Nxd4 Nf6 5. Nc3 g6 6. Be2 Bg7 7. O-O O-O 8.
Re1 Nc6 9. Nb3 a6 10. Bf1 b5 11. Bg5 Nd7 {[#]} 12. Qd2 (12. a3 {hätte auf
Kosten eines Tempos die nun folgende Schwächung des weißen Damenflügels
verhindert. Aber Weiß setzt lieber auf Aktivität.}) 12... b4 13. Nd5 Bxb2 14.
Rab1 Bg7 15. Nxb4 Nxb4 16. Qxb4 Re8 17. Be3 Qc7 18. c4 Rb8 19. Qa5 Rb7 20. Qa4
Rf8 21. f3 $6 {Eine unscheunbare Ungenauigkeit. Hätte Weiß den Braten gerochen,
hätte Weiß sicher zuerst Tc1-e1 gespielt.} Bc3 $1 22. Rec1 Bb4 {Plötzlich
leidet die Dame unter Platzmangel. Der für Schwarz günstige Abtausch mehrerer
Leichtfiguren ist nicht mehr zu verhindern.} 23. Kh1 Nc5 24. Nxc5 Bxc5 25. Rxb7
Bxb7 26. Bxc5 dxc5 $17 {Der Lb7 ist klar besser als sein Widersacher.  Das
Hauptproblem ist aber, daß Weiß im Mittelspiel den Lb7 mit seinen
weißfeldrigen Bauern abblocken muß. Im Läuferendspiel gehören die Bauern dann
aber auf die andere Farbe, um nicht den Angriffen des gegnerischen Läufers
ausgesetzt zu sein.  Ein Chamäleon könnte einen solchen Farbenwechsel sicher
leicht bewältigen.} 27. Rd1 Rd8 28. a3 Kg7 29. Qb3 Rxd1 30. Qxd1 Qe5 31. Kg1
Qb2 32. Qd3 e5 33. Qe3 Qd4 34. Kf2 f5 {Nun steht Weiß vor einer sehr
schwierigen Entscheidung. Der Damentausch löst Schwarz die Bauerninsel auf und
gibt ihm einen gedeckten Freibauern. Mit Lf1-d3 kann man die Entscheidung auf
den Gegner abwälzen, ob er mit fxe4 oder f5-f4 fortsetzen will oder das
Entscheidungsrecht zurückgibt. e4xf5 verlängert die Wirkungslinie des Lb7,
verpaßt dem Schwarzen aber eine Bauerinsel. In jedem Falle hat Schwarz
exzellente Gewinnchancen.} 35. Qxd4 cxd4 36. c5 fxe4 37. fxe4 Kf6 $1 38. Kf3 g5
39. g4 Ke7 40. Bc4 Kd8 41. Bd5 Bc8 $1 $19 {Schwarz hat den richtigen
Gewinnplan gefunden. Die weißen Figuren sind der sicherung des Bc5,
Verteidigung des Königsflügels und Aufhalten des Bd4 überfordert.} 42. h3 Bd7
43. Kf2 Kc7 44. Ke1 Be8 45. Kf2 a5 46. Ke1 h5 47. gxh5 Bxh5 48. Kf2 Be8 49. Kg3
Ba4 50. Kf2 Bd7 51. Kg3 d3 52. Kf2 Bxh3 53. Ke3 Bf1 54. Kf2 d2 55. Bb3 Bc4 56.
Bd1 Kc6 0-1

[Event "San Francisco"]
[Site "San Francisco"]
[Date "1995.??.??"]
[Round "3"]
[White "Xie, Jun"]
[Black "Tisdall, Jonathan D"]
[Result "1/2-1/2"]
[WhiteElo "2515"]
[BlackElo "2470"]
[Annotator "Tisdall,J"]
[PlyCount "98"]
[EventDate "1995.??.??"]
[EventType "game"]
[EventCountry "ARG"]
[SourceTitle "CBM 046"]
[Source "ChessBase"]
[SourceDate "1995.06.01"]
[SourceVersion "1"]
[SourceVersionDate "1995.06.01"]
[SourceQuality "1"]

1. e4 {Ernst Fritz3} c5 2. Nf3 d6 3. d4 cxd4 4. Nxd4 Nf6 5. Nc3 g6 6. Be2 Bg7
7. O-O O-O 8. Bg5 Nc6 9. Nb3 a6 10. f4 b5 11. Bf3 Bb7 (11... b4 $142 $1 {Ernst}
) 12. Kh1 (12. Nd5 Nd7 13. c3 Re8 14. Kh1 a5 15. Qd2 $6 a4 16. Nc1 a3 $17 {
Xie Jun-Serper/jakarta/1994/1-0/}) 12... Nd7 (12... Na5 13. e5 (13. Nxa5 Qxa5
14. e5 Bxf3 15. Qxf3 b4 $1 $13 {Poses no danger for Black.}) 13... Bxf3 14.
Qxf3 b4 $1 (14... dxe5 15. Rad1 $16) 15. exf6 $1 (15. Nd5 Nxd5 16. Qxd5 Nxb3
17. axb3 dxe5 $15) 15... exf6 16. Bh4 $1 bxc3 17. Qxc3 $14) 13. Rb1 {This
protects b2 and also creates the possibilityof using the b-file in some cases,
whre Black advances ...a5-a4-a3.} Re8 {Ernst: Neuerung.} (13... Nb6 {Ernst} 14.
Nd5 Nc4 15. e5 Re8 16. exd6 Qxd6 17. Nxe7+ Nxe7 18. Bxb7 Qxd1 19. Rfxd1 Ra7 20.
Rd7 Nf5 21. Bc6 Rxd7 22. Bxd7 Re2 $17 {Xie Jun-Alterman,B/France/1994}) 14. Nd5
Qb8 $1 {A good move, I think, which prepares to roll back some of the central
pressure.} (14... a5 $5 15. c3 (15. a3 a4 16. Nc1 Nd4) 15... a4 16. Nc1 a3 17.
bxa3 Rxa3 18. c4 {Is one of the ideas behind Xie`s setup.}) 15. c3 a5 16. a3 {
To hinder b5-b4.} a4 $13 17. Nc1 e6 18. Ne3 Nf6 19. Nd3 Ne7 20. Nf2 {White`s
knights have fallen back only to support her center and to use g4 as a
launching pad to attack h6 and f6.} h6 21. Bh4 (21. Bxf6 Bxf6 22. Nfg4 Bg7 23.
f5 Nc6 $1 $17) 21... Qc7 22. e5 $5 {Ernst:?} (22. Qe2 $6 Nh7 $5 {Planning
f7-f5 (other pawn breaks are riskier), gives Black good counterplay.}) 22...
dxe5 23. fxe5 Nfd5 24. Bxd5 (24. Nxd5 Bxd5 (24... Nxd5 $5 25. Ng4 h5 $5 26.
Bxd5 Bxd5 (26... hxg4 27. Bxb7 Qxb7 28. Bf6 {Is unpleasant for Black, since
his entire K-side is tender.}) 27. Nf6+ Bxf6 28. Bxf6 Qc4 {Looks scary, but
could well be fine.}) 25. Ng4 Bxf3 26. Qxf3 Nd5 {Is solid for Black.}) 24...
Nxd5 25. Nxd5 Bxd5 26. Ng4 g5 27. Bg3 Rad8 28. Qe1 (28. Nf6+ $6 Bxf6 29. exf6
e5 (29... Qc6 $17 {Fritz3}) (29... Bxg2+ $2 30. Kxg2 Qc6+ 31. Qf3) (29... Qc4
30. Qh5 Qe4 31. Rg1 Qg6) 30. Qh5 Kh7 31. Rf5 $5 Be4 32. Rxg5 Bg6 33. Qh4 Qc4 $1
$36) 28... Qc4 29. Nf6+ Bxf6 30. Rxf6 Be4 {Ernst:!} 31. Rc1 Bg6 {Ernst:-/+} 32.
Qf2 $2 (32. Bf2 $142 $15 {/\Bd4}) 32... Rd7 33. Rf1 Red8 34. h3 Qe4 35. Qb6 Rd2
36. R1f2 Rd1+ 37. Kh2 Qb1 38. Rf1 $1 R8d5 39. Rxd1 Rxd1 40. Bf2 h5 $1 {Ernst:-/
+} (40... Rh1+ {Ernst} 41. Kg3 h5 $1 (41... Qxb2 42. Rxg6+ $10) 42. Qd8+ (42.
Qe3 $142 {Tisdal} h4+ 43. Kg4 $13) (42. Qxb5 $5 $13 {Fritz3}) 42... Kg7 (42...
Kh7 43. Qf8 $1 {/\ 44.Rxf7}) 43. Rf3 (43. Bc5 $2 Qe1+ $19) 43... h4+ 44. Kg4
Rh2 $1 45. Qf6+ Kh7 46. Kxg5 Rxg2+ 47. Kxh4 Qxb2 $17) 41. Bg1 Kg7 42. Qc5 h4 (
42... Qxb2 $142 $5 {Ernst} 43. Qe3 (43. Rxg6+ $2 Kxg6 44. Qe7 Rf1 $19) 43...
Qd2 $17) (42... Re1 $142 $1 {White is completely without moves and will
probably elect to jettison the e-pawn with 42.Qf2 as the least evil.} 43. Qf2
Rxe5 $19) 43. Qe3 $1 Re1 44. Qxg5 Rxg1 45. Rxf7+ $1 Kxf7 46. Qf6+ Kg8 47. Qd8+
$1 {This check has escaped my attention.} Kg7 48. Qf6+ Kh6 49. Qf4+ $1 (49.
Qxh4+ Bh5 50. Qf6+ Qg6 $19) 49... Kg7 1/2-1/2

[Event "Yerevan op 1st"]
[Site "Yerevan"]
[Date "2016.10.10"]
[Round "9"]
[White "Tiviakov, Sergei"]
[Black "Kotanjian, Tigran"]
[Result "1-0"]
[WhiteElo "2590"]
[BlackElo "2473"]
[Annotator "Tiviakov,S"]
[PlyCount "55"]
[EventDate "2016.10.02"]
[EventType "swiss"]
[EventRounds "9"]
[EventCountry "ARM"]
[SourceTitle "CBM 175"]
[Source "ChessBase"]
[SourceDate "2016.11.10"]
[SourceVersion "1"]
[SourceVersionDate "2016.11.10"]
[SourceQuality "1"]

{This game from the last round of the 1st Yerevan open was very important. I
had to win it in order to get a high prize. My opponent in this game was a
strong very talented player from Armenia. I have played many games against him.
And despite his lower rating nowadays he has won a lot of strong tournaments.} 
1. e4 c5 {The main weapon of my opponent is the Najdorf Variation of the
Sicilian Defence. Against those who play the Najdorf very often I have a very
good weapon - the order of moves beginning with 2.Nc3, completely killing the
possibility for Black to get the Najdorf. Of course, it is impossible to get
an advantage after this order of moves, but in order to equalise Black has to
go into variations less familiar to him - the Paulsen, the Rauzer, the
Scheveningen or the Dragon like in the current game. My main idea behind this
order of moves is to get equal positions less familiar to my opponents, then
to try to outplay them by taking advantage of their mistakes. Some time ago I
wrote 2 theoretical articles for the New In Chess Yearbook series - 'Avoiding
Najdorf' and 'Avoiding Najdorf - 1 year after'. So far my results are
excellent and this order of moves can be advised to to other players who also
wish to avoid the Najdorf.} 2. Nc3 d6 3. Nge2 Nf6 4. g3 g6 5. Bg2 Bg7 6. d4
cxd4 7. Nxd4 O-O 8. O-O Nc6 9. Nde2 Rb8 {Now we have the Dragon Variation and
the system beginning with the move 6.g3. Also, though being a Dragon player
with Black I have had to encounter this system with both colours only 17 times
after a direct order of moves winning 12 games with only 5 draws. Sufficient
experience which gave me hopes for a good outcome for this game. The system
with ...Rb8 and ...b5 is considered to be the best against 6.g3 system, this
is how I always played myself with Black.} 10. Nd5 $5 ({I prefer to make this
move, since I believe exchanging the a-pawns and opening the a-line is in
Black's favour:} 10. a4 a6 {followed by ...b5, is good for Black.}) 10... Bg4 (
{I made this move for the 1st time with White 20 years ago against Zarnicki in
Buenos Aires and the game went in a similar way with Black losing because of
the weakness of the c-file:} 10... Nxd5 11. exd5 Ne5 12. h3 Bd7 13. c3 Bb5 14.
b3 Bxe2 15. Qxe2 b5 16. Be3 Qc7 17. Rac1 $16 a5 18. c4 bxc4 19. f4 Nd7 20. Rxc4
Nc5 21. Rfc1 Rb4 22. Kh2 Rc8 23. h4 Rxc4 24. Rxc4 Rb8 25. Qc2 Rb4 26. a3 Rxc4
27. Qxc4 Qb8 28. b4 axb4 29. axb4 Na4 30. b5 Nc5 31. Bxc5 dxc5 32. Qxc5 Qd6 33.
Qa7 e5 34. dxe6 fxe6 35. b6 Bh6 36. b7 Bxf4 37. gxf4 Qxf4+ 38. Kg1 Qc1+ 39. Bf1
{1-0 Tiviakov,S-Zarnicki,P/Buenos Aires (Argentina) 1996 (39)}) (10... b6 11.
Bg5 Nd7 12. c3 h6 13. Be3 e6 14. Ndf4 $13 Nc5 15. a4 a5 16. Nd4 Nxd4 17. cxd4
Na6 18. Nd3 b5 19. axb5 Rxb5 20. Qd2 Kh7 21. Ra4 Nb8 22. b4 axb4 23. Nxb4 Bd7
24. Ra7 Rxb4 25. Rxd7 Qxd7 26. Qxb4 Nc6 27. Qa4 Rd8 28. Rd1 d5 29. exd5 {
1/2-1/2 Tiviakov,S-Kanep,M/Tallinn 2015/The Week in Chess 1053 (29)}) (10...
Nd7 11. c3 b6 12. Nd4 Nxd4 13. cxd4 e6 14. Nc3 $14 b5 15. Re1 b4 16. Na4 Nb6
17. Nxb6 Qxb6 18. Be3 Qb5 19. Qd2 Bd7 20. d5 a5 21. Bh6 exd5 22. Bxg7 Kxg7 23.
exd5 Rfe8 24. Qd4+ Kg8 25. h4 Rxe1+ 26. Rxe1 Re8 27. Rxe8+ Bxe8 28. h5 gxh5 29.
Bf3 Qc5 30. Qf6 Bb5 31. Be4 Qc1+ 32. Kh2 Qe1 33. Bxh7+ Kxh7 34. Qxf7+ Kh6 {
1/2-1/2 Tiviakov,S-Petursson,M/Reykjavik 2015 (34)}) (10... b5 $5 {in my
opinion is the strongest move for Black, not giving White the advantage of the
pair of bishops. Although then Black needs to remember several sharp lines!
After} 11. Bg5 Nd7 12. c3 h6 13. Be3 e6 14. Ndf4 (14. Nb4 $5 {deserves serious
attention}) 14... Nde5 $11 {the position is equal.}) 11. h3 Bxe2 12. Qxe2 b5
$146 {In order to get equal play Black needs to create counterplay on the
queenside. If Black fails to do so, White will always have an advantage.} ({
The move made by Kotanijan is stronger than the moves played by Black here
previously:} 12... Re8 13. Bg5 (13. c3 $14) 13... Nxd5 14. exd5 Ne5 15. Rae1 (
15. c4 $14) 15... Qb6 16. b3 Nd7 17. Kh1 Nf6 18. Qd2 a5 19. Re2 Rbc8 20. Rfe1
Rc7 21. a4 Qb4 22. Qxb4 axb4 23. Bd2 Rxc2 24. Bxb4 Rc7 25. h4 Bf8 26. g4 Nxg4
27. Bxd6 Rd7 28. Bb4 Nf6 29. Rd2 b6 30. d6 exd6 31. Rxe8 Nxe8 32. Bc6 Rd8 33.
a5 bxa5 34. Bxa5 Rc8 35. Bf3 Rb8 36. b4 Nf6 37. Bc6 d5 38. b5 Bc5 39. f3 Bb6
40. Bc3 d4 41. Bxd4 Rd8 42. Bc3 Rxd2 43. Bxd2 Nh5 44. Kg2 f6 45. Be1 Nf4+ 46.
Kf1 Nd3 47. Bc3 Kf7 48. Bd5+ Ke7 49. Bd2 Kd6 50. Bc4 Ne5 51. Be2 Kd5 52. Kg2
Nc4 53. Be1 Be3 54. Bb4 h5 55. Be7 g5 56. Bxf6 gxh4 57. Be7 Bf4 58. Kh3 Ne3 59.
Bxh4 Nc2 60. Bg3 Bxg3 61. Kxg3 Nd4 62. Bf1 h4+ 63. Kg4 h3 64. Bxh3 Nxb5 65. Kg5
Nd4 66. f4 Ke4 {1/2-1/2 Olea Perez,M-Sanchez Repullo,D/Asturias 1997/EXT 2001 
(66)}) (12... Nd7 13. c3 b5 14. Bg5 $14 (14. Be3 $14) 14... h6 15. Be3 a5 16.
Rac1 Kh7 17. Rfd1 Re8 18. b3 e6 19. Nf4 Qc7 20. Qd2 Bf8 21. Ne2 Red8 22. Nd4
Na7 23. Qe2 e5 24. Nf3 Nc5 25. Nh2 b4 26. Ng4 Bg7 27. Bxc5 dxc5 28. Ne3 Rxd1+
29. Qxd1 Rd8 30. Qc2 Bf8 31. Nd5 Qd6 32. Bf1 Kg7 33. Rd1 Qb8 34. Bc4 Nc6 35.
Kg2 Ne7 36. a4 Nxd5 37. Bxd5 c4 38. cxb4 cxb3 39. Qxb3 Qxb4 40. Qxb4 Bxb4 41.
Rc1 Rd6 42. Rc6 {1/2-1/2 Tuma,J-Kanovsky,D/Karlovy Vary 2004/EXT 2005 (42)})
13. Bg5 $6 {Played too quickly. Only after making this move did I realise that
Black could play e6 forcing lot of exchanges.} ({White should have played} 13.
a3 a5 14. c3 $14) ({or} 13. c3 b4 14. Be3 $14 {with good hopes for an
advantage in both lines.} (14. Bd2 $5)) 13... Nxd5 $6 (13... e6 $1 {should
have been played here and after} 14. Bxf6 Bxf6 15. Nxf6+ Qxf6 16. c3 b4 $11 {
the position is equal.}) 14. exd5 Ne5 15. c3 ({The strange looking move} 15. b3
$5 {is recommended by a computer engine, although at the board it is not so
easy to make this move which seriously weakens the black squares.}) 15... Qc7 {
Now we have a typical position for the Classical Dragon on the board, where
White has the advantage of the pair of bishops, but Black has enough
counterplay on the queenside.} 16. Rfe1 {Here at this moment of the game I
spent lot of time. White's idea is to try to open the c-line for the rooks,
like in my game against Zarnicki, but it is not so easy to achieve!} ({If
White plays b2-b3, then Black is always in time to play a5-a4, attacking and
exchanging the b3-pawn with sufficient counterplay. For example,} 16. b3 $5 Bf6
17. Bd2 a5 18. Rac1 (18. f4 Nd7 19. Rac1 a4 $13) 18... a4 $132) ({or} 16. Rae1
Rfe8 $1 (16... h6 17. Be3 a5 18. f4 Nc4 19. Bc1 $14) (16... a5 17. f4 Nc4 18.
b3 $14) 17. Be3 Nc4 18. Bc1 a5 19. b3 Ne5 20. Bd2 a4 $132) 16... Rfe8 17. Rad1
({After} 17. Rac1 {I didn't like} Qc4 $11 {with equality. The idea of the text
move is to defend the d3-square also trying to provoke Black to play b5-b4
quickly, hoping that Black would himself play for a win.}) 17... a5 (17... Qc4
$5 $11 {is the safest way for Black to equalise. When the queens are off the
board, it is very difficult for White to hope for something serious, although,
of course, he can continue playing for a win.}) ({Please, note that} 17... b4
$2 18. cxb4 Rxb4 19. Rc1 $16 {is not good for Black.}) 18. Be3 {The idea of
this move is to have the possibility to play f2-f4. With the bishop still on
g5, this move is very difficult to make. Also sometimes the bishop can go to
d4.} b4 ({Although this move is not bad, I would prefer a safer way to play,
exchanging the queens by} 18... Qc4 19. f4 Nd7 (19... Qxe2 20. Rxe2 Nd7 $11)
20. Qxc4 bxc4 21. Rd2 $11 {with an equal ending.}) 19. cxb4 {At this moment of
the game I was happy with my position since the c-file has been opened. And
when the position is open you can always try to use the pair of bishops.} Rxb4
({After} 19... axb4 20. b3 $11 {it is very difficult for Black to take
advantage of the weakness of the a2-pawn, but the b4-pawn controls the very
important c3-square which can sometimes be occupied by the bishop.}) 20. Rc1 (
20. b3 $5 a4 21. Rc1 Qb7 {leads to the same position as 20.Rc1.}) 20... Qb7 21.
b3 ({I didn't like} 21. Rc2 {since after} a4 $1 {there is always a weak pawn
on b2.}) 21... a4 22. bxa4 ({Instead of taking on a4 it was very tempting to
play} 22. Bd2 $5 {I spent lot of time calculating the consequences of this
move, but couldn't make it work. The computer analysis confirms that there is
no advantage for White there.} Rd4 $1 (22... axb3 23. Bxb4 Qxb4 24. axb3 Qxb3
$14) 23. Bc3 (23. Rc3 axb3 $11) 23... Nd3 24. Bxd4 Nxc1 25. Rxc1 (25. Qd2 Bxd4
26. Qxd4 axb3 27. Rxc1 bxa2 $11) 25... Bxd4 26. bxa4 (26. Rc4 axb3 27. Rxd4 b2
28. Be4 b1=Q+ 29. Bxb1 Qxb1+ $11) 26... Rb8 $11 {with an equal position.})
22... Rxa4 23. Rc2 Rc8 $4 {Until this moment of the game Black was playing
relatively well, getting an equal position. But the next move of Black is a
tactical blunder.} ({After both 23...Qa6 and 23...Qa8 the position would
remain equal. But not drawn, since the pair of bishops, passed a-pawn and the
open character of the game still give White good hopes of winning!} 23... Qa6
$11) (23... Rea8 24. Rec1 $14) (23... Qa8 $11 {But, of course, making the
natural move as 23...Rc8, it is difficult to imagine that the black king
standing safely on g8, surrounded by the pieces - Re8, Bg7, Ne5, would get
mated.}) 24. Qb5 $3 $18 {The position on the board is a perfect tactical
position to solve to use several tactical methods - overload of the queen, the
weakness of the last rank. Rarely seen, such a combination of motifs is a true
masterpiece! When I saw this idea, I could hardly believe that this could work.
But after several minutes of calculations I saw that this beautiful move would
win!} Qxb5 25. Rxc8+ Bf8 26. Bh6 Nd7 27. Rxe7 {Everything was forced.} Qc5 {
Despite having an extra queen for the rook and having the right to move, Black
cannot save the game!} (27... Qb8 $142 {would be the most stubborn defence,
although even then White would have an easy win in the ending with an extra
pawn. E.g.} 28. Rxb8 Nxb8 29. Re8 Nd7 30. Bf1 Ra5 31. a4 (31. Bc4 Rc5 32. Bb3
Rb5 33. Rd8 Rb8 34. Rxb8 Nxb8 35. Bf4 $18) 31... f5 (31... Rxd5 32. g4 $18 {
/\Bb5}) 32. Rd8 Ra7 33. Bb5 Kf7 34. Rxd7+ Rxd7 35. Bxf8 $18) ({or} 27... Rc4
28. Rce8 (28. Rd8 Qb1+ 29. Kh2 Qb8 30. Rxb8 Nxb8 31. Re8 Nd7 32. Bf1 Rc5 33. a4
Rxd5 34. g4 $18) 28... Qb1+ 29. Bf1 Re4 (29... Rc1 30. Bxc1 Qxc1 31. Rxd7 Kg7
32. Rdd8 $18) 30. Rxe4 $18 {with an easy win. The text move allows an elegant
mate!}) 28. Rxf8+ {And here my opponent resigned since after 28...Nxf8 29.Re8
the only way to avoid the mate would be to give up the whole queen by 29...
Qc1+. Unfortunately, since this game had been played in the last round, it
didn't get the prize for the best game of the tournament. Nevertheless, thanks
to the win in this game I was able to share 1st - 8th place in the 1st Yerevan
open.} 1-0

[Event "Linares Anibal op 04th"]
[Site "Linares"]
[Date "1997.??.??"]
[Round "6"]
[White "Becerra Rivero, Julio"]
[Black "Saldano Dayer, Horacio"]
[Result "1-0"]
[WhiteElo "2510"]
[BlackElo "2360"]
[Annotator "Tsesarsky,I"]
[PlyCount "77"]
[EventDate "1997.02.??"]
[EventType "swiss"]
[EventRounds "10"]
[EventCountry "ESP"]
[SourceTitle "CBM 058"]
[Source "ChessBase"]
[SourceDate "1997.06.01"]
[SourceVersion "1"]
[SourceVersionDate "1997.06.01"]
[SourceQuality "1"]

1. e4 c5 2. Nc3 Nc6 3. Nge2 g6 4. d4 cxd4 5. Nxd4 Bg7 6. Nb3 Nf6 7. Be2 O-O 8.
O-O a5 9. a4 Nb4 10. Bf3 (10. Bg5 h6 11. Bh4 g5 12. Bg3 d5 $5 $13) 10... d6 11.
Re1 (11. Nd5 Nfxd5 12. exd5 Bf5 13. c3 Nd3 (13... Bc2 14. Qd2 (14. Qe2 Bd3)
14... Bxb3 15. cxb4 Bc4 16. Re1 axb4 17. Qxb4 $11) 14. Be3 $2 (14. g4 Nxc1 15.
Nxc1 Bd7 $15) 14... Qc8 $2 {0-1 Gurevich,G-Mariasin,B/ISR-ch 1992 (28)} (14...
Nxb2 15. Qe2 Bxc3 $19 16. Rfc1 Bd3 $1 {[%csl Re2]})) (11. Bg5 $6 Nd7 $5 12. Rc1
Nb6 13. Nd4 Bd7 14. b3 Rc8 15. Qd2 Bc6 16. Rfe1 Re8 $6 {1/2-1/2 Wahls,
M-Bangiev,A/GER-ch 1994 (50)} (16... Qd7 $5 $15 {/\Rc7,Rfc8} 17. Nd5 $6 Bxd5
18. exd5 N4xd5 19. c4 Nf6)) (11. Nd4 Bd7) 11... Be6 (11... Bd7 12. Nd5 Nfxd5
13. exd5 Bf5 14. Be4 Qc8 15. c3 Bxe4 16. Rxe4 Qf5 17. Rd4 Bxd4 18. Nxd4 Qd3 $17
) 12. Nd4 Bg4 (12... Bc4 $5 13. b3 Ba6 14. Bb2 Rc8 15. Ncb5 Nd7 16. c4 Nc5 (
16... b6 $1 $11) 17. Bc3 Nc6 (17... Nbd3 18. Re3 (18. Rf1 e5 19. Ne2 f5 20.
exf5 gxf5 21. Bd5+ Kh8 22. Qc2 $14) 18... Ne5 $15) (17... b6 $11) 18. Rb1 Bxb5
19. axb5 Nxd4 20. Bxd4 Bxd4 21. Qxd4 e5 22. Qd2 $14 {1-0 Tseshkovsky,
V-Kratochwil,C/Cappelle op 1995 (42)}) 13. Bxg4 Nxg4 14. Ndb5 h5 $2 (14... Nf6
$11) 15. h3 $14 Ne5 16. Nd5 Rc8 17. Re2 (17. Nd4 Nec6 18. Nb5 Ne5) 17... Nxd5
18. exd5 Qd7 (18... Re8 19. c3 Nd7 20. Bg5 $14) 19. Ra2 $5 (19. Qe1 $5 $14)
19... Qf5 20. b3 g5 21. c4 Qg6 (21... b6 22. Be3 Rb8 23. Bd4 $14) 22. f4 $1 $16
gxf4 23. Bxf4 Kh8 (23... Nf3+ 24. Kh1) 24. Re3 Bf6 25. Rg3 Qh7 26. Bg5 h4 (
26... Nd7 27. Bxf6+ Nxf6 28. Re2 Ng8 29. Qd4+ f6 30. Qb6 $1 $18) 27. Bxf6+ exf6
28. Re3 $18 Qh6 29. Qe1 Rce8 30. Rae2 (30. Nxd6 $4 Nf3+ $1 $17) 30... Rg8 31.
Nxd6 $1 Qxe3+ 32. Rxe3 Nf3+ 33. Kf1 Nxe1 34. Rxe8 Rxe8 35. Nxe8 Nd3 36. d6 Nc5
37. Nxf6 Kg7 38. d7 Ne6 39. Nd5 1-0